Исследование параметрической робастности бездатчикового векторного асинхронного электропривода с идентификатором Калмана; Известия Томского политехнического университета [Известия ТПУ]; Т. 317, № 4: Энергетика

Podrobná bibliografie
Parent link:Известия Томского политехнического университета [Известия ТПУ]/ Томский политехнический университет (ТПУ).— , 2000-
Т. 317, № 4: Энергетика.— 2010.— С. 120-123
Další autoři: Ланграф С. В. Сергей Владимирович, Глазырин А. С. Александр Савельевич, Глазырина Т. А. Татьяна Анатольевна, Афанасьев К. С. Кирилл Сергеевич, Тимошкин В. В. Вадим Владимирович, Козлова Л. Е. Людмила Евгеньевна
Shrnutí:Заглавие с титульного листа
Электронная версия печатной публикации
Приведены результаты исследования параметрической робастности бездатчикового векторного асинхронного электропривода с идентификатором Калмана при изменении таких внутренних параметров электродвигателя, как активное сопротивление ротора, индуктивность цепи намагничивания, момент инерции. Установлены границы устойчивости работы электропривода при увеличении каждого из перечисленных параметров
Текстовый файл
Jazyk:ruština
Vydáno: 2010
Edice:Энергетика
Témata:
On-line přístup:http://www.lib.tpu.ru/fulltext/v/Bulletin_TPU/2010/v317/i4/26.pdf
Médium: MixedMaterials Elektronický zdroj Kapitola
KOHA link:https://koha.lib.tpu.ru/cgi-bin/koha/opac-detail.pl?biblionumber=192931

MARC

LEADER 00000naa2a2200000 4500
001 192931
005 20260128090902.0
035 |a (RuTPU)RU\TPU\book\210361 
035 |a RU\TPU\book\210305 
090 |a 192931 
100 |a 20110311d2010 k y0rusy50 ca 
101 0 |a rus 
102 |a RU 
135 |a drnn ---uucaa 
181 0 |a i   |b  e  
182 0 |a b 
183 0 |a cr  |2 RDAcarrier 
200 1 |a Исследование параметрической робастности бездатчикового векторного асинхронного электропривода с идентификатором Калмана  |f С. В. Ланграф, А. С. Глазырин, Т. А. Глазырина [и др.] 
203 |a Текст  |c электронный  |b визуальный 
215 |a 1 файл (264 Кб) 
225 1 |a Энергетика 
283 |a online_resource  |2 RDAcarrier 
300 |a Заглавие с титульного листа 
300 |a Электронная версия печатной публикации 
320 |a Библиогр.: с. 123 (4 назв.) 
330 |a Приведены результаты исследования параметрической робастности бездатчикового векторного асинхронного электропривода с идентификатором Калмана при изменении таких внутренних параметров электродвигателя, как активное сопротивление ротора, индуктивность цепи намагничивания, момент инерции. Установлены границы устойчивости работы электропривода при увеличении каждого из перечисленных параметров 
336 |a Текстовый файл 
461 1 |0 (RuTPU)RU\TPU\book\176237  |t Известия Томского политехнического университета [Известия ТПУ]  |f Томский политехнический университет (ТПУ)  |d 2000- 
463 1 |0 (RuTPU)RU\TPU\book\210108  |t Т. 317, № 4: Энергетика  |v С. 120-123  |d 2010 
610 1 |a векторное управление 
610 1 |a фильтр Калмана 
610 1 |a переходные характеристики 
610 1 |a бездатчиковые электроприводы 
610 1 |a труды учёных ТПУ 
610 1 |a электронный ресурс 
701 1 |a Ланграф  |b С. В.  |c специалист в области электротехники  |c доцент Томского политехнического университета, кандидат технических наук  |f 1977-  |g Сергей Владимирович  |3 (RuTPU)RU\TPU\pers\25900  |9 11751 
701 1 |a Глазырин  |b А. С.  |c специалист в области электротехники  |c профессор Томского политехнического университета, доктор технических наук  |f 1978-  |g Александр Савельевич  |3 (RuTPU)RU\TPU\pers\26445  |9 12148 
701 1 |a Глазырина  |b Т. А.  |c специалист в области электротехники  |c аспирант, ассистент Томского политехнического университета  |f 1983-  |g Татьяна Анатольевна  |3 (RuTPU)RU\TPU\pers\26446  |9 12149 
701 1 |a Афанасьев  |b К. С.  |c специалист в области электротехники  |c доцент Томского политехнического университета, кандидат технических наук  |f 1987-  |g Кирилл Сергеевич  |3 (RuTPU)RU\TPU\pers\26491  |9 12193 
701 1 |a Тимошкин  |b В. В.  |c специалист в области электротехники  |c доцент Томского политехнического университета, кандидат технических наук  |f 1986-  |g Вадим Владимирович  |3 (RuTPU)RU\TPU\pers\26467  |9 12170 
701 1 |a Козлова  |b Л. Е.  |c специалист в области электротехники  |c доцент Томского политехнического университета, кандидат технических наук  |f 1985-  |g Людмила Евгеньевна  |3 (RuTPU)RU\TPU\pers\26455  |9 12158 
801 1 |a RU  |b 63413507  |c 20090623  |g PSBO 
801 2 |a RU  |b 63413507  |c 20211224  |g PSBO 
856 4 0 |u http://www.lib.tpu.ru/fulltext/v/Bulletin_TPU/2010/v317/i4/26.pdf  |z http://www.lib.tpu.ru/fulltext/v/Bulletin_TPU/2010/v317/i4/26.pdf 
942 |c CF